000 00730nam a2200217Ia 4500
003 GCL
008 140319s9999 xx 000 0 ara d
040 _aGCL /
_cGCL
082 0 4 _aق
_b930.1
_bش ا
100 1 _aوفاء الصديق
245 1 0 _aاثار دوش وكنزها الذهبى /
_cوفاء الصديق
700 1 _aزاهى حواس
700 1 _aشيماء عباس محمود
260 _aالقاهرة :
_bالمجلس الاعلى للاثار ،
_c2005
300 _a32 ص ؛
_c16 سم
650 0 4 _aالعملات الذهبية
650 0 4 _aالاثار الرومانية فى مصر
650 0 4 _aالاثار اليونانية فى مصر
650 0 4 _aدوش - اثار
942 _2ddc
_cBK
999 _c8593
_d8593